Korean : (Record no. 9053)
[ view plain ]
| 000 -LEADER | |
|---|---|
| fixed length control field | 00573nam a22001937a 4500 |
| 003 - CONTROL NUMBER IDENTIFIER | |
| control field | SISC |
| 005 - DATE AND TIME OF LATEST TRANSACTION | |
| control field | 20160308150210.0 |
| 008 - FIXED-LENGTH DATA ELEMENTS--GENERAL INFORMATION | |
| fixed length control field | 130822t xxu||||| |||| 00| 0 eng d |
| 020 ## - INTERNATIONAL STANDARD BOOK NUMBER | |
| International Standard Book Number | 0340688246 |
| 050 ## - LIBRARY OF CONGRESS CALL NUMBER | |
| Classification number | PL 913 |
| Item number | .V46 1997 |
| 082 ## - DEWEY DECIMAL CLASSIFICATION NUMBER | |
| Classification number | HS 400 |
| Item number | .V74 1997 |
| 100 ## - MAIN ENTRY--PERSONAL NAME | |
| Personal name | Vincent, Mark |
| Dates associated with a name | 1974 |
| 9 (RLIN) | 12281 |
| 245 ## - TITLE STATEMENT | |
| Title | Korean : |
| Remainder of title | a complete course for beginners / |
| Statement of responsibility, etc | Mark Vincent and Jaehoon Yeon. |
| 260 ## - PUBLICATION, DISTRIBUTION, ETC. (IMPRINT) | |
| Place of publication, distribution, etc | London : |
| Name of publisher, distributor, etc | NTC Publishing Group, |
| Date of publication, distribution, etc | c1997. |
| 300 ## - PHYSICAL DESCRIPTION | |
| Extent | v,281p. ; |
| Other physical details | ill, ; |
| Dimensions | 20 cm. |
| 650 ## - SUBJECT ADDED ENTRY--TOPICAL TERM | |
| Topical term or geographic name as entry element | Korean Language. |
| 9 (RLIN) | 12282 |
| 942 ## - ADDED ENTRY ELEMENTS (KOHA) | |
| Source of classification or shelving scheme | Library of Congress Classification |
| Koha item type | Books |
| Withdrawn status | Lost status | Source of classification or shelving scheme | Damaged status | Home library | Current library | Shelving location | Date acquired | Total Checkouts | Total Renewals | Full call number | Barcode | Date last seen | Date checked out | Copy number | Price effective from | Koha item type |
|---|---|---|---|---|---|---|---|---|---|---|---|---|---|---|---|---|
| Library of Congress Classification | Luxembourg Library | Luxembourg Library | High School Section | 08/22/2013 | 5 | 9 | PL 913 .V46 1997 | 7464 | 09/21/2022 | 09/13/2022 | 1 | 08/22/2013 | Books |